La forma equivalente /
Guardado en:
| Hovedforfatter: | |
|---|---|
| Andre forfattere: | , , , |
| Format: | Bog |
| Sprog: | Spanish |
| Udgivet: |
Managua, Nicaragua :
Espira / La Espora,
[2000?].
|
| Fag: | |
| Tags: |
Tilføj Tag
Ingen Tags, Vær først til at tagge denne postø!
|
MARC
| LEADER | 00000nam a22000007a 4500 | ||
|---|---|---|---|
| 008 | 170126q2000 nq a||||rc||| 00| 0 spa d | ||
| 040 | |a CIICLA - UCR | ||
| 041 | |a spa | ||
| 082 | |a 709.4 |b F723f | ||
| 100 | 1 | |a Andino, Darwin | |
| 245 | 1 | 3 | |a La forma equivalente / |c textos Darwin Andino, Erik Aguirre, Patricia Belli ; fotos Darwin Andino, Freidell Urbino, Ricardo Hueso. |
| 260 | |a Managua, Nicaragua : |b Espira / La Espora, |c [2000?]. | ||
| 300 | |a 60 páginas: |b ilustraciones a color | ||
| 505 | |r Edgar Calel |t [Acrilico sobre cajas de cartón] / | ||
| 505 | |r Melissa Guevara. |t [Barro crudo, dimensiones variables] / | ||
| 505 | |r Mauricio Esquivel. |t [Monedas caladas] / | ||
| 505 | |r Raúl Quintanilla. |t Pene-tración cultural. Cerámicas y espadas / | ||
| 505 | |r Javier Calvo Sandí. |t Quiero ser un buen centroamericano / | ||
| 505 | |r Norlan Gutiérrez |t [Fealdad o belleza] Óleo sobre tela / | ||
| 505 | |r Alejandro Flores. |t Yo como Dalí y Bob esponja / | ||
| 505 | |r Diana Barquero. |t [Óleo sobre papel] / | ||
| 505 | |r Fabrizio Arrieta. |t Video # 1[Velocidad] / | ||
| 505 | |r Jullisa Moncada. |t Manzanas y zapotes / | ||
| 505 | |r Laura Baumeister. |t El método [video] / | ||
| 505 | |r Gabriel Serra. |t Cédula [Video] / | ||
| 505 | |r Ricardo Huezo. |t Casas [animación interactiva] / | ||
| 505 | |r Consuelo Mora. |t Intervención en Internet / | ||
| 505 | |r Darling López |t Sin título [Chat de Internet] / | ||
| 505 | |r Roberto Guevarro. |t Desde niño me dijeron que solo podía jugar con carritos. Zapato femenino, llantas y letras / | ||
| 505 | |r Jaime Izaguirre. |t Sin título. Animación tradicional / | ||
| 505 | |r Sandra Monterroso. |t Tus tortillas mi amor. Registro audiovisual / | ||
| 505 | |r Paulina Velázquez. |t Sin título. Textil / | ||
| 505 | |r Celeste Ponce. |t Sin título. Impresión digital / | ||
| 650 | 1 | 4 | |a ARTE |v CATALOGOS |
| 650 | 1 | 4 | |a ARTE Y SOCIEDAD |
| 650 | 1 | 4 | |a ARTISTAS CENTROAMERICANOS |
| 650 | 1 | 4 | |a IDENTIDAD COLECTIVA |
| 700 | 1 | |a Aguirre, Erik |j Coautor | |
| 700 | 1 | |a Belli, Patricia |j Coautor | |
| 700 | 1 | |a Urbina, Freidell | |
| 700 | 1 | |a Huezo, Ricardo | |
| 942 | |2 ddc |c REF | ||
| 999 | |c 21649 |d 21649 | ||
